[Event "World Rapid 2025"]
[Site "Doha QAT"]
[Date "2025.12.26"]
[Round "1.105"]
[White "Nesterov, Arseniy"]
[Black "Ammar, Sedrani"]
[Result "1/2-1/2"]
[WhiteTitle "GM"]
[BlackTitle "FM"]
[WhiteElo "2595"]
[BlackElo "2203"]
[WhiteFideId "24198455"]
[BlackFideId "9312331"]
[EventDate "2025.12.26"]
[EventType "rapid"]

1. d4 d5 2. c4 e6 3. Nf3 Nf6 4. g3 Bb4+ 5. Bd2 Be7 6. Bg2 O-O 7. O-O c6 8. Qc2
b6 9. Bf4 Bb7 10. Nbd2 Nh5 11. Be5 Nd7 12. cxd5 cxd5 13. Rfc1 Rc8 14. Bc7 Qe8
15. Qa4 a6 16. Qb3 Bd8 17. Bd6 Be7 18. Rxc8 Bxc8 19. Qa3 Bxd6 20. Qxd6 Qd8 21.
Rc1 Nhf6 22. Qc7 Qxc7 23. Rxc7 Rd8 24. Ne5 Nxe5 25. dxe5 Nd7 26. f4 g5 27. Nb3
gxf4 28. gxf4 Nb8 29. Nd4 Bd7 30. Rb7 Nc6 31. Nxc6 Bxc6 32. Rxb6 Bb5 33. Bf3 Rc8
34. a4 Bxa4 35. Rxa6 Rc4 36. f5 exf5 37. Bxd5 Rd4 38. Ba2 Bb5 39. Ra8+ Kg7 40.
Ra7 Bc4 41. Bxc4 Rxc4 42. e6 Re4 43. e7 Rxe2 44. b4 Kf6 45. b5 Rxe7 46. Rxe7
Kxe7 47. Kf2 Kd6 48. Ke3 Kc5 49. Kf4 Kxb5 50. Kxf5 Kc6 51. Kf6 Kd7 52. Kxf7 h5
53. h4 Kd8 54. Kg6 Ke7 55. Kxh5 1/2-1/2

[Event "World Rapid 2025"]
[Site "Doha QAT"]
[Date "2025.12.26"]
[Round "1.106"]
[White "Muntean, Victor"]
[Black "Hakobyan, Aram"]
[Result "0-1"]
[BlackTitle "GM"]
[WhiteElo "2169"]
[BlackElo "2613"]
[WhiteFideId "1054414"]
[BlackFideId "13306677"]
[EventDate "2025.12.26"]
[EventType "rapid"]

1. e4 e6 2. Qe2 c5 3. c3 Nc6 4. Nf3 Nf6 5. e5 Nd5 6. g3 a6 7. Bg2 b5 8. O-O Be7
9. d4 cxd4 10. Nxd4 O-O 11. Nxc6 dxc6 12. c4 bxc4 13. Qxc4 Qb6 14. Nc3 a5 15.
Qg4 Kh8 16. Ne4 Qd4 17. Qh5 g6 18. Qf3 Ba6 19. Re1 Qxe5 20. Bh6 Qxb2 21. Bxf8
Rxf8 22. Rab1 Qxa2 23. Nc3 Qa3 24. Nxd5 Qxf3 25. Bxf3 cxd5 26. Rb6 Bc4 27. Rb7
Bb4 28. Rc1 Kg8 29. Bg2 Rc8 30. Bf1 Kg7 31. Bxc4 dxc4 32. Kf1 c3 33. Rc2 Rd8 34.
Ke2 e5 35. Ra7 h5 36. f3 Rd6 37. h4 Kf6 38. Ke3 Bc5+ 0-1

[Event "World Rapid 2025"]
[Site "Doha QAT"]
[Date "2025.12.26"]
[Round "1.107"]
[White "Zemlyanskii, Ivan"]
[Black "Assylov, Miras"]
[Result "1-0"]
[WhiteTitle "GM"]
[BlackTitle "FM"]
[WhiteElo "2592"]
[BlackElo "2393"]
[WhiteFideId "24249971"]
[BlackFideId "13728873"]
[EventDate "2025.12.26"]
[EventType "rapid"]

1. e4 c5 2. Nf3 d6 3. d4 cxd4 4. Nxd4 Nf6 5. Nc3 Nc6 6. Bg5 e6 7. Qd3 Bd7 8.
O-O-O a6 9. f4 Be7 10. Nf3 Qa5 11. Kb1 Rc8 12. Bxf6 gxf6 13. Qe3 Qc5 14. Qe1 h5
15. Bd3 b5 16. f5 Ne5 17. Nxe5 Qxe5 18. Ne2 Bc6 19. Qh4 Rg8 20. Qxh5 Rxg2 21.
Ng3 Rf2 22. Qh7 b4 23. Rhf1 Rxf1 24. Rxf1 d5 25. Qg8+ Kd7 26. Qxf7 dxe4 27. Bxa6
Rf8 28. fxe6+ Kd6 29. Rd1+ Bd5 30. Qh7 Kxe6 31. Ne2 Ra8 32. Rxd5 Kxd5 33. Bb7+
Kc5 34. Bxa8 f5 35. Ng3 Qd4 36. Qxf5+ Kb6 37. Qe6+ Bd6 38. Ne2 Qd1+ 39. Nc1 1-0

[Event "World Rapid 2025"]
[Site "Doha QAT"]
[Date "2025.12.26"]
[Round "1.108"]
[White "Kuandykuly, Danis"]
[Black "Nogerbek, Kazybek"]
[Result "1-0"]
[WhiteTitle "FM"]
[BlackTitle "GM"]
[WhiteElo "2372"]
[BlackElo "2539"]
[WhiteFideId "13752260"]
[BlackFideId "13710427"]
[EventDate "2025.12.26"]
[EventType "rapid"]

1. e4 e5 2. Bc4 Nf6 3. d3 Nc6 4. Nc3 Na5 5. Nge2 Nxc4 6. dxc4 Bc5 7. h3 d6 8.
Qd3 Be6 9. O-O Nd7 10. b3 O-O 11. Ng3 Qh4 12. Be3 g6 13. Bxc5 Nxc5 14. Qe3 a5
15. a4 Rae8 16. Rae1 Qf4 17. Qxf4 exf4 18. Nge2 g5 19. Nd4 Kg7 20. Ncb5 Na6 21.
e5 dxe5 22. Rxe5 Kf6 23. Rfe1 Bd7 24. Nf3 Rxe5 25. Rxe5 h6 26. Nc3 b6 27. Nd5+
Kg7 28. Re7 Rd8 29. h4 Be6 30. hxg5 hxg5 31. Nxc7 Nxc7 32. Rxc7 Kf6 33. c5 g4
34. Ne1 Rd1 35. Kf1 f3 36. cxb6 Rxe1+ 37. Kxe1 fxg2 38. b7 g1=Q+ 39. Ke2 g3 40.
b8=Q Qxf2+ 41. Kd1 g2 42. Qh8+ Kg5 43. Qg7+ Kh4 44. Qh6+ Kg4 45. Qg7+ Kh3 46.
Qh6+ Kg4 47. Qg7+ Kh3 48. Qh6+ Kg3 49. Rc3+ Kg4 50. Qg7+ Kh4 51. Qh6+ Kg4 52.
Qg7+ Kf4 53. Qf6+ Bf5 54. Rc4+ Kg3 55. Qh4+ 1-0

[Event "World Rapid 2025"]
[Site "Doha QAT"]
[Date "2025.12.26"]
[Round "1.109"]
[White "Can, Emre"]
[Black "Alhassadi, Yousef A."]
[Result "1-0"]
[WhiteTitle "GM"]
[BlackTitle "FM"]
[WhiteElo "2541"]
[BlackElo "2098"]
[WhiteFideId "6302181"]
[BlackFideId "9204725"]
[EventDate "2025.12.26"]
[EventType "rapid"]

1. d4 Nf6 2. c4 e6 3. Nf3 d5 4. Nc3 Bb4 5. Bg5 h6 6. Bh4 dxc4 7. a3 Bxc3+ 8.
bxc3 b5 9. a4 c6 10. Qc2 Nbd7 11. e4 Qa5 12. Nd2 Nb6 13. Be2 Nxa4 14. Ra3 O-O
15. Nxc4 Qc7 16. Bxf6 gxf6 17. Ne3 Qe7 18. Rb3 Nb6 19. O-O Kg7 20. f4 Bd7 21.
Rf3 c5 22. Rg3+ Kh7 23. Bxb5 cxd4 24. cxd4 Rac8 25. Qd1 Bxb5 26. Rxb5 Qc7 27.
Qf1 Qd7 28. d5 exd5 29. exd5 Rc3 30. Qb1+ 1-0

[Event "World Rapid 2025"]
[Site "Doha QAT"]
[Date "2025.12.26"]
[Round "1.110"]
[White "Alrehaili, Ahmed Abdullah S"]
[Black "Pranesh, M"]
[Result "0-1"]
[WhiteTitle "FM"]
[BlackTitle "GM"]
[WhiteElo "2106"]
[BlackElo "2627"]
[WhiteFideId "21518840"]
[BlackFideId "35028600"]
[EventDate "2025.12.26"]
[EventType "rapid"]

1. e4 e5 2. Nf3 Nc6 3. Bc4 Nf6 4. d3 Bc5 5. O-O d6 6. c3 a5 7. Nbd2 Ba7 8. Re1
O-O 9. Nf1 Be6 10. Bb5 Ne7 11. Ng3 Ng6 12. h3 c6 13. Ba4 d5 14. exd5 Nxd5 15. d4
exd4 16. Nxd4 Qc7 17. Bc2 Rae8 18. Qh5 Bxd4 19. cxd4 Bg4 20. Bf4 Bxh5 21. Bxc7
Nxc7 22. Nxh5 Rxe1+ 23. Rxe1 Ne6 24. Ng3 Ngf4 25. Nf5 g6 26. Nd6 Nxd4 27. Be4 b5
28. Rd1 Rd8 0-1

[Event "World Rapid 2025"]
[Site "Doha QAT"]
[Date "2025.12.26"]
[Round "1.111"]
[White "Kobalia, Mikhail"]
[Black "Bodemar, Jonathan"]
[Result "1-0"]
[WhiteTitle "GM"]
[BlackTitle "CM"]
[WhiteElo "2537"]
[BlackElo "2154"]
[WhiteFideId "4119150"]
[BlackFideId "6205488"]
[EventDate "2025.12.26"]
[EventType "rapid"]

1. Nf3 Nf6 2. c4 e6 3. e3 d5 4. Nc3 Be7 5. b3 O-O 6. Bb2 c5 7. cxd5 exd5 8. d4
Nc6 9. Be2 Bf5 10. O-O Rc8 11. Rc1 cxd4 12. Nxd4 Bg6 13. Ncb5 Qd7 14. h3 Rfd8
15. a3 h6 16. b4 a5 17. bxa5 Nxa5 18. Qa4 b6 19. Nf3 Bf5 20. Ne5 Qe8 21. Qf4 Be4
22. a4 Nb3 23. Rxc8 Rxc8 24. Ng4 Nh7 25. Nc3 Bg5 26. Qg3 Qe7 27. Nxe4 dxe4 28.
h4 Rc2 29. hxg5 Rxb2 30. Bc4 Nxg5 31. Qb8+ Kh7 32. Qxb6 Qa3 33. Bxb3 Rxb3 34.
Qa5 Rb4 35. Qf5+ Kg8 36. Rd1 Rb8 37. a5 Ra8 38. Rb1 Qa2 39. Rc1 Qe6 40. Qxe6
Nxe6 41. Ne5 Rxa5 42. Rc8+ Kh7 43. Nxf7 Kg6 44. Nd6 Ng5 45. Rc6 Kh7 46. Kh2 Re5
47. Rc4 Kg6 48. Kg3 Re6 49. Rd4 Re7 50. Nb5 Kf5 51. Rd5+ Kf6 52. Nd4 Ra7 53.
Rd6+ Kf7 54. Rb6 Ra5 55. Rb7+ Kg6 56. Ne2 Ne6 57. Rb6 Kf5 58. Rb4 Rc5 59. Rb8
Ra5 60. Rb7 Kf6 61. Rb4 Kf5 62. Nc3 Ng5 63. Rc4 Re5 64. Kh4 Kg6 65. Kg4 Re7 66.
Nd5 Re5 67. Nf4+ Kf7 68. Rc7+ Kg8 69. Ra7 Rc5 70. Re7 Kf8 71. Rd7 Rc2 72. Kg3
Rc6 73. Nh5 Ne6 74. Rd5 Kf7 75. Ra5 Kg6 76. Kg4 Rb6 77. Rf5 Kh7 78. Re5 Ng5 79.
Re7 Rg6 80. Kf5 Ra6 81. Rxg7+ Kh8 82. Re7 Kg8 83. Rb7 Ra2 84. Nf6+ Kf8 85. Ng4
h5 86. Ne5 1-0

[Event "World Rapid 2025"]
[Site "Doha QAT"]
[Date "2025.12.26"]
[Round "1.112"]
[White "Dinham, James"]
[Black "Pantsulaia, Levan"]
[Result "0-1"]
[BlackTitle "GM"]
[WhiteElo "2091"]
[BlackElo "2472"]
[WhiteFideId "14327023"]
[BlackFideId "13602071"]
[EventDate "2025.12.26"]
[EventType "rapid"]

1. Nf3 c5 2. c4 b6 3. Nc3 Bb7 4. e4 e6 5. d4 cxd4 6. Nxd4 d6 7. Be3 Nf6 8. f3 a6
9. Qc2 Be7 10. O-O-O Nbd7 11. g4 Rc8 12. g5 Nh5 13. f4 g6 14. Kb1 e5 15. fxe5
Nxe5 16. Qb3 Nd7 17. Be2 Bxg5 18. Bxg5 Qxg5 19. Rhg1 Qe5 20. Bxh5 Qxh5 21. Nd5
Bxd5 22. exd5 O-O 23. Nc6 Rfe8 24. Rge1 Kg7 25. Qc3+ Ne5 26. Qb4 Nxc6 27. dxc6
Rxc6 28. Qc3+ Re5 29. Rxd6 Rxd6 30. Rxe5 Qd1+ 31. Qc1 Qd3+ 32. Ka1 Qxc4 33. Qg1
Qd4 34. Qxd4 Rxd4 35. Kb1 Rd2 36. h4 Rd4 37. h5 Kf6 38. Re1 g5 39. Rf1+ Rf4 40.
Rd1 g4 0-1

[Event "World Rapid 2025"]
[Site "Doha QAT"]
[Date "2025.12.26"]
[Round "1.113"]
[White "Hovhannisyan, Robert"]
[Black "Damaj, Mohammed"]
[Result "1-0"]
[WhiteTitle "GM"]
[BlackTitle "CM"]
[WhiteElo "2621"]
[BlackElo "2119"]
[WhiteFideId "13302507"]
[BlackFideId "11501731"]
[EventDate "2025.12.26"]
[EventType "rapid"]

1. e4 e5 2. Nf3 Nf6 3. Nxe5 Nxe4 4. d3 Nf6 5. d4 d6 6. Nf3 d5 7. Bd3 Be7 8. h3
Nbd7 9. O-O O-O 10. Re1 Re8 11. Bf4 Nf8 12. Nbd2 Ne6 13. Be5 c5 14. dxc5 Nxc5
15. Nb3 Nxd3 16. Qxd3 h6 17. Rad1 Bd7 18. c3 Qb6 19. Bd4 Qb5 20. Qxb5 Bxb5 21.
Bxf6 Bxf6 22. Rxd5 Rxe1+ 23. Nxe1 Bc6 24. Rd1 Re8 25. Nc2 Ba4 26. Re1 Rd8 27.
Ncd4 b6 28. Nf3 a5 29. Nbd4 Bd7 30. Ne5 Re8 31. f4 Bh4 32. Re2 Bc8 33. Nef3 Rxe2
34. Nxe2 Be7 35. Ned4 Bd6 36. Ne5 Ba6 37. g3 b5 38. Nec6 Bc7 39. a3 Kf8 40. b4
a4 41. Kf1 Bb6 42. h4 Ke8 43. Ke2 f6 44. Nf5 Kf8 45. Ncd4 g6 46. Nxh6 Bxd4 47.
cxd4 Bc8 48. g4 f5 49. g5 Be6 50. d5 Bxd5 51. h5 1-0

[Event "World Rapid 2025"]
[Site "Doha QAT"]
[Date "2025.12.26"]
[Round "1.114"]
[White "Al Mashikhi, Salim Aliyan"]
[Black "Le, Tuan Minh"]
[Result "0-1"]
[WhiteTitle "FM"]
[BlackTitle "GM"]
[WhiteElo "1952"]
[BlackElo "2598"]
[WhiteFideId "22000046"]
[BlackFideId "12401153"]
[EventDate "2025.12.26"]
[EventType "rapid"]

1. c4 e6 2. Nc3 d5 3. cxd5 exd5 4. d4 Be7 5. Nf3 c6 6. g3 Bf5 7. Bg2 Nf6 8. O-O
O-O 9. Nh4 Be6 10. Qb3 Qb6 11. e3 Nbd7 12. Bd2 Rfe8 13. Rac1 Ne4 14. Bxe4 dxe4
15. Qxb6 axb6 16. Ng2 f5 17. a3 b5 18. Nf4 Bf7 19. f3 exf3 20. Rxf3 Nb6 21. Re1
Nc4 22. Bc1 b4 23. axb4 Bxb4 24. Nd3 Bxc3 25. bxc3 Bd5 26. Rff1 b6 27. Nb4 Be4
28. Rf2 c5 29. Nc2 Ra2 30. Na3 Rxa3 31. Bxa3 Nxa3 32. Ra2 Nc4 33. Ra7 h5 34. Kf2
Re6 35. Rd7 h4 36. Rg1 Rg6 37. gxh4 Rxg1 38. Kxg1 Nxe3 39. Kf2 Nd1+ 40. Kg3 Nxc3
41. dxc5 bxc5 42. h5 Nd5 43. Rd8+ Kf7 44. Rc8 f4+ 45. Kh4 Ne3 46. Rxc5 Kf6 47.
Ra5 Bf5 48. Ra6+ Be6 49. Ra4 Ng2# 0-1

[Event "World Rapid 2025"]
[Site "Doha QAT"]
[Date "2025.12.26"]
[Round "1.115"]
[White "Urkedal, Frode Olav Olsen"]
[Black "Dahal, Sushrut"]
[Result "1-0"]
[WhiteTitle "GM"]
[BlackTitle "CM"]
[WhiteElo "2568"]
[BlackElo "2037"]
[WhiteFideId "1506102"]
[BlackFideId "12303275"]
[EventDate "2025.12.26"]
[EventType "rapid"]

1. d4 Nf6 2. c4 e6 3. Nf3 Bb4+ 4. Bd2 Qe7 5. g3 Bxd2+ 6. Qxd2 Ne4 7. Qc2 f5 8.
Bg2 O-O 9. O-O d5 10. Nbd2 c6 11. Rac1 Bd7 12. Ne5 Nxd2 13. Qxd2 Be8 14. Rfd1
Nd7 15. Nd3 Rd8 16. Qa5 Ra8 17. Qc7 Rb8 18. Nc5 Kf7 19. Nxb7 Qb4 20. Nd8+ Rxd8
21. Qxd8 dxc4 22. Bxc6 Nb6 23. Qc7+ Kg8 24. Qe5 Bxc6 25. Qxe6+ Kh8 26. Qxc6 f4
27. Qc5 Qxc5 28. dxc5 Na4 29. c6 fxg3 30. c7 gxf2+ 31. Kf1 Nb6 32. Rd8 Kg8 33.
Rxc4 Nxc4 34. Rxf8+ 1-0

[Event "World Rapid 2025"]
[Site "Doha QAT"]
[Date "2025.12.26"]
[Round "1.116"]
[White "Blackwood, Ryan"]
[Black "Ponkratov, Pavel"]
[Result "0-1"]
[BlackTitle "GM"]
[WhiteElo "1945"]
[BlackElo "2587"]
[WhiteFideId "7400640"]
[BlackFideId "4157800"]
[EventDate "2025.12.26"]
[EventType "rapid"]

1. e4 c5 2. Nf3 d6 3. d4 cxd4 4. Nxd4 Nf6 5. Nc3 a6 6. Bd3 e5 7. Nde2 Nc6 8. O-O
Be6 9. f3 Be7 10. Qe1 b5 11. a3 O-O 12. Be3 b4 13. axb4 Nxb4 14. Qd2 Rb8 15. b3
Qc8 16. Ra5 Rd8 17. Rfa1 d5 18. exd5 Nfxd5 19. Nxd5 Bxd5 20. Bxa6 Qxc2 21. Qe1
Qxb3 22. Nc1 Qc2 23. Bf1 Qc6 24. Qg3 Nc2 25. Ra6 Qc3 26. Bh6 g6 27. Ne2 Qc5+ 28.
Kh1 Nxa1 29. Qxe5 Bf8 30. Bxf8 Qxf8 31. Rxa1 Qg7 32. Qxg7+ Kxg7 33. Nc3 Be6 34.
h3 Rb2 35. Ne4 Rc2 36. Kg1 h5 37. Re1 h4 38. Ng5 Ba2 39. f4 Rd4 40. f5 Bd5 41.
fxg6 Kxg6 42. Nf3 Bxf3 43. gxf3 Kg5 44. Ba6 Kf4 45. Kh1 f5 46. Bb5 Rdd2 47. Ba6
Rh2+ 48. Kg1 Rcg2+ 49. Kf1 0-1

[Event "World Rapid 2025"]
[Site "Doha QAT"]
[Date "2025.12.26"]
[Round "1.117"]
[White "Tin, Jingyao"]
[Black "Ashwath Kaushik"]
[Result "1-0"]
[WhiteTitle "GM"]
[BlackTitle "FM"]
[WhiteElo "2584"]
[BlackElo "2345"]
[WhiteFideId "5804418"]
[BlackFideId "33387230"]
[EventDate "2025.12.26"]
[EventType "rapid"]

1. Nf3 d5 2. b3 Nf6 3. e3 e6 4. c4 Be7 5. Bb2 O-O 6. Be2 b6 7. O-O Bb7 8. Nc3
Nbd7 9. d4 c5 10. a4 Rc8 11. Bd3 Bd6 12. Qe2 Qe7 13. a5 Bb8 14. a6 Ba8 15. Nb5
Rfd8 16. Rfd1 Ne4 17. Bxe4 dxe4 18. Ne5 Nxe5 19. dxe5 Rxd1+ 20. Rxd1 Rd8 21. Rd2
Bc6 22. Qd1 Rxd2 23. Qxd2 Qd7 24. Nd6 Bxd6 25. exd6 f6 26. b4 cxb4 27. Qxb4 Qc8
28. c5 Qxa6 29. h3 bxc5 30. Qb8+ Kf7 31. Qc7+ Kg6 32. d7 Bxd7 33. Qxd7 Qb6 34.
Qe8+ Kh6 35. g4 1-0

[Event "World Rapid 2025"]
[Site "Doha QAT"]
[Date "2025.12.26"]
[Round "1.118"]
[White "Khayat, Emad"]
[Black "Jacobson, Brandon"]
[Result "0-1"]
[BlackTitle "GM"]
[WhiteElo "1927"]
[BlackElo "2583"]
[WhiteFideId "21518076"]
[BlackFideId "30901561"]
[EventDate "2025.12.26"]
[EventType "rapid"]

1. d4 Nf6 2. Nf3 g6 3. g3 b6 4. Bg2 Bb7 5. O-O Bg7 6. c4 O-O 7. d5 Na6 8. Nc3
Nc5 9. Qc2 c6 10. dxc6 Bxc6 11. Rd1 Rc8 12. Nd4 Bxg2 13. Kxg2 Qc7 14. b3 Qb7+
15. Kg1 d5 16. Nxd5 Nxd5 17. cxd5 Qxd5 18. Bb2 Na4 19. Nc6 Rxc6 20. Rxd5 Rxc2
21. Bxg7 Kxg7 22. bxa4 Rxe2 23. a5 Rc8 24. axb6 axb6 25. Rd3 Rcc2 26. Rf3 Rxa2
27. Rb1 Rab2 28. Rc1 g5 29. h3 h5 30. Rd1 Kg6 31. Rd5 Re1+ 32. Kg2 Rbb1 33. Rff5
f6 34. Rb5 Rg1+ 35. Kf3 e6 0-1

[Event "World Rapid 2025"]
[Site "Doha QAT"]
[Date "2025.12.26"]
[Round "1.119"]
[White "Kosakowski, Jakub"]
[Black "Rami, Talab"]
[Result "1-0"]
[WhiteTitle "GM"]
[WhiteElo "2549"]
[BlackElo "2173"]
[WhiteFideId "1185080"]
[BlackFideId "7609787"]
[EventDate "2025.12.26"]
[EventType "rapid"]

1. e4 c6 2. d4 d5 3. e5 Bf5 4. Nf3 e6 5. Be2 Nd7 6. O-O a5 7. Nc3 a4 8. Bd2 a3
9. b3 h6 10. Rc1 Ne7 11. Re1 Bg6 12. Nb1 Nf5 13. c4 Be7 14. cxd5 cxd5 15. g4 Nh4
16. Nxh4 Bxh4 17. Bb4 Be7 18. Bxe7 Qxe7 19. Bb5 Qd8 20. f4 O-O 21. Nc3 Nb8 22.
Rf1 f5 23. exf6 Qxf6 24. f5 exf5 25. Nxd5 Qd6 26. gxf5 Bxf5 27. Qh5 Be6 28.
Rxf8+ Qxf8 29. Rf1 Bf7 30. Bc4 Bxh5 31. Ne7+ Kh7 32. Rxf8 g5 33. Rg8 Bg6 34.
Nxg6 1-0

[Event "World Rapid 2025"]
[Site "Doha QAT"]
[Date "2025.12.26"]
[Round "1.120"]
[White "Alsaqer, Meshal"]
[Black "Sanal, Vahap"]
[Result "0-1"]
[BlackTitle "GM"]
[WhiteElo "1853"]
[BlackElo "2546"]
[WhiteFideId "10301771"]
[BlackFideId "6300545"]
[EventDate "2025.12.26"]
[EventType "rapid"]

1. d4 d5 2. Nf3 Nf6 3. c4 c6 4. Qc2 e6 5. Nbd2 Nbd7 6. g3 Be7 7. Bg2 O-O 8. O-O
b6 9. e4 Bb7 10. Rd1 Rc8 11. e5 Ne8 12. cxd5 cxd5 13. Qd3 Qc7 14. Nf1 Qc2 15.
Ne3 Qxd3 16. Rxd3 Ba6 17. Rc3 Rxc3 18. bxc3 Nc7 19. Bd2 Rc8 20. a4 Nb8 21. Nc2
Nc6 22. Nb4 Na5 23. Nxa6 Nxa6 24. Bf1 Nb8 25. Be1 Nbc6 26. Ba6 Rc7 27. Bd3 g6
28. Kf1 Bf8 29. h4 h5 30. Ng5 Ne7 31. Ke2 Nc4 32. Ra2 Bh6 33. f3 Rc8 34. Bd2
Nxd2 35. Kxd2 Nc6 36. Ba6 Rc7 37. Kd3 Na5 38. f4 Nc6 39. Kd2 Bf8 40. Bb5 Na5 41.
Bd3 Nb3+ 42. Ke3 Rc5 43. c4 Rxc4 44. Rc2 Rc3 45. Nf3 Bb4 46. Rxc3 Na5 47. Bc2
Bxc3 48. Kd3 Kf8 49. Ng1 Be1 50. Ne2 Bf2 51. Kc3 Nc4 52. Bd3 Be1+ 53. Kb3 Ne3 0-1

[Event "World Rapid 2025"]
[Site "Doha QAT"]
[Date "2025.12.26"]
[Round "1.121"]
[White "Adhiban, Baskaran"]
[Black "Alkhuriji, Abdulaziz N"]
[Result "1-0"]
[WhiteTitle "GM"]
[WhiteElo "2557"]
[BlackElo "1972"]
[WhiteFideId "5018471"]
[BlackFideId "21525919"]
[EventDate "2025.12.26"]
[EventType "rapid"]

1. d4 Nf6 2. Nf3 d5 3. c4 e6 4. g3 Bb4+ 5. Nc3 O-O 6. Bg2 c6 7. O-O Nbd7 8. Qd3
b6 9. cxd5 cxd5 10. Bf4 Bb7 11. Rfc1 a6 12. Na4 Rc8 13. Qb3 Qe7 14. a3 Ba5 15.
Bc7 Nc5 16. Nxc5 Qxc7 17. Nxb7 Qxb7 18. Qa4 Rxc1+ 19. Rxc1 Rc8 20. Rxc8+ Qxc8
21. b4 Qc4 22. Bf1 g6 23. Qd1 Bxb4 24. e3 Qc3 25. axb4 Qxb4 26. Bxa6 b5 27. Qf1
Ne4 28. Bxb5 Qb2 29. Bd3 Nc3 30. Qe1 Na2 31. Kg2 Nc1 32. Bf1 Nb3 33. Qe2 Qc1 34.
Ne5 Nd2 35. h4 h5 36. Qa6 Ne4 37. Qb7 f6 38. Qf7+ Kh8 39. Nxg6# 1-0

[Event "World Rapid 2025"]
[Site "Doha QAT"]
[Date "2025.12.26"]
[Round "1.122"]
[White "AlJamaat, Khaled"]
[Black "Gurel, Ediz"]
[Result "0-1"]
[BlackTitle "GM"]
[WhiteElo "1719"]
[BlackElo "2645"]
[WhiteFideId "12102415"]
[BlackFideId "44507356"]
[EventDate "2025.12.26"]
[EventType "rapid"]

1. e4 c5 2. Ne2 e6 3. g3 Nc6 4. Bg2 Nf6 5. O-O d6 6. c3 Be7 7. d4 O-O 8. h3 Qc7
9. Bf4 e5 10. dxe5 dxe5 11. Be3 Be6 12. Qc2 Rac8 13. Nd2 Qd7 14. Kh2 Rfd8 15.
Rad1 Nd4 16. cxd4 cxd4 17. Qd3 dxe3 18. Qxe3 Bc5 19. Qf3 Qd3 20. Qxd3 Rxd3 21.
Nf3 Rxd1 22. Rxd1 Bxf2 23. Nxe5 Bxa2 24. Nc3 Be6 25. Bf3 h5 26. Kg2 Bb6 27. Nd3
Ba5 28. e5 Bxc3 29. bxc3 Nd5 30. Bxh5 Ne3+ 0-1

[Event "World Rapid 2025"]
[Site "Doha QAT"]
[Date "2025.12.26"]
[Round "1.123"]
[White "Alexakis, Dimitris"]
[Black "Al-Kuwari, Hamad"]
[Result "1-0"]
[WhiteTitle "GM"]
[BlackTitle "CM"]
[WhiteElo "2544"]
[BlackElo "1809"]
[WhiteFideId "4277023"]
[BlackFideId "12102679"]
[EventDate "2025.12.26"]
[EventType "rapid"]

1. e4 e6 2. d4 d5 3. Nc3 Nf6 4. e5 Nfd7 5. f4 c5 6. Nf3 Nc6 7. Be3 a6 8. Qd2 b5
9. a3 cxd4 10. Nxd4 Nxd4 11. Bxd4 Bc5 12. Bxc5 Nxc5 13. Qd4 Nd7 14. Bd3 Qb6 15.
Qxb6 Nxb6 16. Ne2 Ke7 17. Nd4 Bd7 18. b3 h6 19. O-O-O g5 20. f5 exf5 21. Bxf5
Bxf5 22. Nxf5+ Ke6 23. Rhf1 Nd7 24. Ng7+ Ke7 25. Rxd5 Rh7 26. Nf5+ Ke8 27. Rd6
h5 28. Rfd1 Nf8 29. Rb6 Nd7 30. Rc6 a5 31. Rc7 f6 32. e6 Nf8 1-0

[Event "World Rapid 2025"]
[Site "Doha QAT"]
[Date "2025.12.26"]
[Round "2.2"]
[White "Nepomniachtchi, Ian"]
[Black "Quparadze, Giga"]
[Result "1-0"]
[WhiteTitle "GM"]
[BlackTitle "GM"]
[WhiteElo "2723"]
[BlackElo "2502"]
[WhiteFideId "4168119"]
[BlackFideId "13602250"]
[EventDate "2025.12.26"]
[EventType "rapid"]

1. e4 c5 2. Nf3 e6 3. c3 d5 4. e5 d4 5. d3 Nc6 6. g3 Nge7 7. Bg2 Ng6 8. Qe2 Qc7
9. Na3 Bd7 10. Nc4 b5 11. Nd6+ Bxd6 12. exd6 Qxd6 13. h4 f6 14. cxd4 cxd4 15. h5
Nge5 16. Nxe5 Qxe5 17. Qxe5 fxe5 18. h6 g6 19. Bg5 O-O 20. O-O Rac8 21. Be4 Nd8
22. Be7 Re8 23. Bf6 Nf7 24. Rac1 Rxc1 25. Rxc1 Rc8 26. Rxc8+ Bxc8 27. b4 Bd7 28.
f3 Kf8 29. g4 Ke8 30. g5 Bc8 31. Bc6+ Bd7 32. Bb7 Nd6 33. Ba8 Bc8 34. Bxe5 Bb7
35. Bxb7 Nxb7 36. Kf2 Kd7 37. Bxd4 a6 38. Ke3 Nd6 39. Be5 Nf7 40. f4 Nd8 41. Kd4
Kc6 42. Ke4 Kd7 43. Bd4 Nf7 44. Be3 Kc6 45. Bc5 e5 46. Be3 exf4 47. Bxf4 Kd7 48.
Kd5 Nd8 49. Bd2 Nf7 50. Kc5 Ne5 51. d4 Nc4 52. Bf4 Na3 53. d5 Nc2 54. Bd2 Na3
55. Bc1 Nc4 56. Bf4 Na3 57. Kb6 Nc2 58. Bd2 Kd6 59. Kxa6 Nd4 60. Be3 Nc2 61.
Bc5+ Kxd5 62. Kxb5 Na3+ 63. Ka6 Kc6 64. Bg1 1-0

[Event "World Rapid 2025"]
[Site "Doha QAT"]
[Date "2025.12.26"]
[Round "2.3"]
[White "Vachier-Lagrave, Maxime"]
[Black "Hong, Andrew"]
[Result "1-0"]
[WhiteTitle "GM"]
[BlackTitle "GM"]
[WhiteElo "2734"]
[BlackElo "2568"]
[WhiteFideId "623539"]
[BlackFideId "2099438"]
[EventDate "2025.12.26"]
[EventType "rapid"]

1. e4 e5 2. Nf3 Nc6 3. Bb5 a6 4. Ba4 Nf6 5. O-O d6 6. Re1 Bd7 7. c3 g6 8. d4 Bg7
9. h3 O-O 10. Bb3 a5 11. a3 a4 12. Bc2 b5 13. Be3 Qe7 14. Nbd2 Rfb8 15. Bd3 Na5
16. d5 c6 17. dxc6 Bxc6 18. Bg5 Qe6 19. Qe2 Nd7 20. Rad1 Nc5 21. Bb1 Re8 22. Be3
h6 23. h4 Nab7 24. h5 g5 25. Nh2 Bd7 26. Ndf1 Qc4 27. Qf3 f5 28. Bxc5 Nxc5 29.
Ne3 fxe4 30. Nxc4 exf3 31. Nxd6 fxg2 32. Nxe8 Bxe8 33. Bg6 Bc6 34. Rd6 Bb7 35.
Rb6 Rd8 36. Rxb5 Bf8 37. Ng4 Rd2 38. Nxe5 Bd5 39. Rb8 Kg7 40. Rd8 Be7 41. Nc4
Bxd8 42. Nxd2 Bb6 43. Re5 Bb7 44. Nc4 Ba7 45. Nd6 Kf6 46. Rxc5 Bxc5 47. Nxb7 Be7
48. Kxg2 Ke5 49. Bc2 1-0

[Event "World Rapid 2025"]
[Site "Doha QAT"]
[Date "2025.12.26"]
[Round "2.6"]
[White "Sindarov, Javokhir"]
[Black "Gavrilescu, David"]
[Result "1-0"]
[WhiteTitle "GM"]
[BlackTitle "GM"]
[WhiteElo "2726"]
[BlackElo "2542"]
[WhiteFideId "14205483"]
[BlackFideId "1227190"]
[EventDate "2025.12.26"]
[EventType "rapid"]

1. e4 e6 2. Nf3 d5 3. Nc3 Nf6 4. e5 Nfd7 5. d4 c5 6. Ne2 cxd4 7. Nexd4 Nc6 8.
Bf4 Be7 9. c3 g5 10. Bg3 g4 11. Nxc6 bxc6 12. Nd4 Qb6 13. b4 h5 14. h3 c5 15.
bxc5 Nxc5 16. hxg4 Ne4 17. Qb3 Qc7 18. Bf4 Rb8 19. Bb5+ Kf8 20. f3 Qxc3+ 21.
Qxc3 Nxc3 22. Bd3 h4 23. Nc6 Rb2 24. Bd2 Nxa2 25. Nxe7 Kxe7 26. Rb1 Rb7 27.
Rxb7+ Bxb7 28. Bb1 Ba6 29. Bxa2 Rb8 30. Bc3 Bc4 31. Bxc4 Rb1+ 32. Kf2 Rxh1 33.
Bf1 Kd7 34. f4 Kc6 35. f5 Kd7 36. f6 a5 37. Bxa5 d4 38. g5 Ke8 39. Bb4 d3 40.
Bxd3 1-0